000 00439nam a2200169Ia 4500
008 121106t1963 xxu||||| |||| 00| 0 sin d
041 _asin
080 _a8S1-18/19
_bSIL
100 _aRichad Da Silva
245 _aමාතර අවදිය
246 _aMathara Avadiya
260 _bM.D.Gunasena Samagama
_aColombo 11
_c1963
300 _b184p., 18 cm
942 _cBK
999 _c76163
_d76163
003 LK-CoDNM
040 _aLK-CoDNM
_dLK-CoDNM
_eLK-CoDNM